Sesso adulto : guida moderna all'arte dell'amore /

Zapisane w:
Opis bibliograficzny
1. autor: Filner, Patrizia (Autor)
Format: Książka
Język:włoski
Wydane: Milano : SEA, 1967
Seria:Poker d'assi ; 20
Etykiety: Dodaj etykietę
Nie ma etykietki, Dołącz pierwszą etykiete!

MARC

LEADER 00000nam a22000007i 4500
001 IT\ICCU\UBO\3455879
003 ItRI
005 20260115232332.0
008 080715s1967 it |||||| ||||| |||||c
040 |b ita  |c importazione bologna sebina 
041 7 |a ita  |2 ISO-639-2 
100 1 |a Filner, Patrizia  |0 IT\ICCU\UBOV\249631  |4 aut 
245 1 0 |a Sesso adulto :  |b guida moderna all'arte dell'amore /  |c Patrizia Filner. 
260 |a Milano :  |b SEA,  |c 1967 
300 |a 173 p. ;  |c 17 cm. 
830 0 |a Poker d'assi ;  |v 20  |0 IT\ICCU\PAL\0025088 
942 |2 ddc  |c BK  |n 0 
952 |0 0  |1 0  |4 0  |6 DOC_306_700000000000000_FIL  |7 0  |9 24389  |a BO  |b BO  |d 2026-01-15  |i 337  |l 0  |o DOC 306.7 FIL  |p BO337  |r 2026-01-15 23:23:32  |w 2026-01-15  |x [Sebina 7] [1 v.]  |y BK  |z 1 v. 
999 |c 20761  |d 20761